000
00266nam a22001217a 4500
008
180927b xxu||||| |||| 00| 0 eng d
041
_a
eng
080
_a
621
100
_a
26
101
_a
EBG
245
_a
Mathematics For Engineers
_c
Brown.C B
942
_2
udc
_c
BK
999
_c
48532
_d
48532